PEST MANAGEMENT (Record no. 216252)
[ view plain ]
| 000 -LEADER | |
|---|---|
| fixed length control field | 00482nam a22001577a 4500 |
| 008 - FIXED-LENGTH DATA ELEMENTS--GENERAL INFORMATION | |
| fixed length control field | 251121b |||||||| |||| 00| 0 eng d |
| 020 ## - INTERNATIONAL STANDARD BOOK NUMBER | |
| International Standard Book Number | 979-8-88715-309-4 |
| 100 ## - MAIN ENTRY--PERSONAL NAME | |
| Personal name | KINGSTON, RICK TED |
| 245 ## - TITLE STATEMENT | |
| Title | PEST MANAGEMENT |
| Remainder of title | PRINCIPLES AND PRACTICES |
| 260 ## - PUBLICATION, DISTRIBUTION, ETC. | |
| Place of publication, distribution, etc. | DUBLIN |
| Name of publisher, distributor, etc. | ORYSON PRESS |
| Date of publication, distribution, etc. | 2024 |
| 300 ## - PHYSICAL DESCRIPTION | |
| Extent | VII, 272P. |
| 500 ## - GENERAL NOTE | |
| General note | INCLUDES INDEX |
| 650 ## - SUBJECT ADDED ENTRY | |
| Topical term or geographic name entry element | 1.PESTCONTROL 2. INTEGRATED PEST MANAGEMENT 3. AGRICULTURAL PESTS- CONTROL |
| 942 ## - ADDED ENTRY ELEMENTS (KOHA) | |
| Source of classification or shelving scheme | Library of Congress Classification |
| Koha item type | Long Loan Book |
| Withdrawn status | Lost status | Source of classification or shelving scheme | Damaged status | Not for loan | Collection | Home library | Current library | Shelving location | Date acquired | Inventory number | Total checkouts | Full call number | Barcode | Date last seen | Copy number | Price effective from | Koha item type |
|---|---|---|---|---|---|---|---|---|---|---|---|---|---|---|---|---|---|
| Library of Congress Classification | Science & Technology | Kisii University Library | Kisii University Library | On Display | 11/21/2025 | 110019 | SB 950 .K56 2024 | 000000000412 | 11/21/2025 | C.1 | 11/21/2025 | Long Loan Book | |||||
| Library of Congress Classification | Science & Technology | Kisii University Library | Kisii University Library | On Display | 11/21/2025 | 110020 | SB 950 .K56 2024 | 000000000413 | 11/21/2025 | C.2 | 11/21/2025 | Long Loan Book | |||||
| Library of Congress Classification | Science & Technology | Kisii University Library | Kisii University Library | On Display | 11/21/2025 | 110021 | SB 950 .K56 2024 | 000000001966 | 11/21/2025 | C.3 | 11/21/2025 | Long Loan Book | |||||
| Library of Congress Classification | Science & Technology | Kisii University Library | Kisii University Library | On Display | 11/21/2025 | 110022 | SB 950 .K56 2024 | 000000001965 | 11/21/2025 | C.4 | 11/21/2025 | Long Loan Book |